000 01416nam a22002897a 4500
001 1642
003 FISKH
005 20230915112633.0
008 230912b cb ||||| |||| 00| 0 khr d
020 _a9789924341482
040 _aFISKH
_beng
_cFISKH
_dFISKH
082 _a371.102
100 _aAllence, Mireille d'
245 _aទេ ទេ អត់ទេ! /
_cនិពន្ធនិងគូររូបដោយ មារ៉ី ដាឡង់សេ - បកប្រែពីភាសាបារាំងដោយ អ៊ូច សូលីដា​
260 _aParis :
_bSipar,
_c2022.
300 _a26 pages :
_bcolor illustrations ;
_c20 cm
490 _aតស់អាន!
505 _aJ
520 _aថ្ងៃនេះជាថ្ងៃចូលរៀនដំបូងរបស់អុកតា​វ។ មិនថាជាមួយម្ដាយ អ្នកគ្រូ ឬ មិត្តរួមថ្នាក់ គេនិយាយពាក្យថា ទេ រហូត។​
520 _aToday is Oktao's first day of school. Whether with a mother, a teacher, or a classmate, they always say no to him.
521 8 _a500
_bLexile estimate
521 8 _aJ
_bRaz-Plus
650 _aថ្ងៃចូលរៀនដំបូង
_vទេ
650 _aFirst day of school
_vNo
700 _aAllence, Mireille d'
_eillustrator
942 _2ddc
_cKHB
_n0
999 _c1642
_d1642